[Event "San Francisco TNM Fall op"]
[Site "San Francisco"]
[Date "2011.10.18"]
[Round "1"]
[White "Otterbach, Renate"]
[Black "Ganem, Paul"]
[Result "0-1"]
[WhiteElo "854"]
[BlackElo "1845"]
[PlyCount "64"]
[EventDate "2011.10.18"]
[EventType "swiss"]
[EventRounds "9"]
[EventCountry "USA"]
[SourceTitle "EXT 2016"]
[Source "ChessBase"]
[SourceDate "2015.10.08"]
[SourceVersion "1"]
[SourceVersionDate "2015.10.08"]
[SourceQuality "1"]

1. d4 Nf6 2. c4 g6 3. Nc3 d5 4. Bg5 c6 5. Nf3 Bg7 6. e3 0-0 7. Be2 Re8 8. Ne5 Nbd7 9. c5 Nxe5 10. dxe5 Nd7 11. 0-0 Bxe5 12. f4 Bg7 13. b4 Bxc3 14. Rb1 Bf6 15. Qc2 Bxg5 16. fxg5 e5 17. e4 Qxg5 18. exd5 cxd5 19. Rbd1 Nf6 20. Qb3 Be6 21. Kh1 Ne4 22. Rxd5 Rad8 23. Bc4 Nd2 24. Rxd8 Rxd8 25. Bxe6 Nxb3 26. Bxf7+ Kg7 27. Bxb3 Rf8 28. Kg1 e4 29. g3 e3 30. h4 Qg4 31. Kg2 Rf2+ 32. Kh1 Qh3+ 0-1